Music Quiz

Random Music or Kpop Quiz

K-pop Acronyms Quiz Stats

 Plays Quiz Updated Oct 7, 2019

Support Sporcle.
Go Orange.
Score 0/10 Timer 03:00
13 Plays Today
Question Answer Wrong Answers
NCT Neo Culture Technology
83.4%
New Club Teens
10.1%
Narrative of Capricious Teenagers
2.7%
National Creation Transformers
3.1%
I.O.I Ideal of Idol
73.7%
Ink over Ice
2.7%
Idols of Internet
10.5%
International Order of Idols
10.3%
MBLAQ Music Boys Live in Absolute Quality
71.4%
Masculine Men Burning with Light as Addictive Quintuplicates
8.3%
March Band on Lovely Adventure Quest
10.7%
Majestic Boys Looking for Aegyo Queen
8.3%
B.A.P Best Absolute Perfect
66.5%
Boys Advance Power
22%
Base Always Party
2.8%
Born Abroad Princes
5%
U-KISS Ubiquitous Korean International Idol Super Star
63.5%
Unprecedented Kaleidoscopic Ideal Smiling Stars
14.9%
UniversalistiK Imperial Starlights
15.2%
Underpaid K-pop Idols Starving
5.3%
JYJ Jaejoong Yoochun Junsu
49.2%
Jaejoong Yunho Junsu
33.5%
Jejudo Young Jazz
5.1%
Joyful Yesterday Jinx
7.8%
BEAST Boys of East Standing Tall
43.7%
Back to Earth Searching for Truth
12.5%
Best Example of Asia Style True
21.2%
Boys of Every Age Staying Top
20.5%
NU'EST New Establish Style Tempo
43.1%
New Eastern Standard Time
7.5%
New Era of Superstar Teenagers
42.7%
New Enchantment Saving Toxic
3.9%
TEEN TOP Teenager Emoboy Emotion Next generation Talent Object Praise
42.7%
Triumphant Eerie Neon Teens On Path
8.8%
Teens Elite Exact Now Technological Opportunity Practice
29.5%
Trendy Emoticon Enjoy New Transform One day Power
13.1%
M&D (Kim Heechul & Kim Jungmo) Midnight & Dawn
37.9%
Momo & Dahyun
7.9%
Mortals & Demons
8.8%
Music & Dance
40.6%

You're not logged in!

Compare scores with friends on all Sporcle quizzes.
OR
Log In

From the Vault

Star Wars Characters by Picture

by MackSalmon

There's only one way to find out if we were cruel enough to include Jar Jar Binks.
Remove Ads.
Support Sporcle.
Get the best of Sporcle when you Go Orange. This ad-free experience offers more features, more stats, and more fun while also helping to support Sporcle. Thank you for becoming a member.

Show Comments

Extras

Top Quizzes Today


Score Distribution

Your Account Isn't Verified!

In order to create a playlist on Sporcle, you need to verify the email address you used during registration. Go to your Sporcle Settings to finish the process.

Report this User

Report this user for behavior that violates our Community Guidelines.

Details: